LIBRARY & INFORMATION CENTRE, KCAET, TAVANUR

ONLINE PUBLIC ACCESS CATALOGUE (OPAC)

Charitraheen / (Record no. 6367)

MARC details
000 -LEADER
fixed length control field 00436cam a2200181ua 4500
041 ## - LANGUAGE CODE
Language code of text/sound track or separate title hin
082 ## - DEWEY DECIMAL CLASSIFICATION NUMBER
Classification number 891.54
Item number SHA/CH
100 ## - MAIN ENTRY--AUTHOR NAME
Personal name Sharat Chandra, Chatopadyay .
245 ## - TITLE STATEMENT
Title Charitraheen /
250 ## - EDITION STATEMENT
Edition statement 7 /
260 ## - PUBLICATION, DISTRIBUTION, ETC. (IMPRINT)
Place of publication :
Name of publisher Hindi sahitya bhandar.
300 ## - PHYSICAL DESCRIPTION
Number of Pages 450 ; .
942 ## - ADDED ENTRY ELEMENTS (KOHA)
Koha item type Books
Holdings
Withdrawn status Lost status Damaged status Home library Current library Date acquired Full call number Accession Number Koha item type
Withdrawn     KAUAET Sanskrit University 07/04/2012 891.54 2990 Books
free website counter